| 000 | 00983nam a2200265Ia 4500 | ||
|---|---|---|---|
| 003 | OSt | ||
| 005 | 20221005104051.0 | ||
| 006 | a|||||r|||| 00| 0 | ||
| 007 | ta | ||
| 008 | 221004b |||||||| |||| 00| 0 hin d | ||
| 024 | _a26925 | ||
| 037 |
_bGift, 13/05/2016, _cTextual |
||
| 040 |
_aCRL _cCRL _bhin |
||
| 041 |
_2hin _ahin |
||
| 082 | _aO152jM921, N4 | ||
| 100 | _aराय, कृष्णदास | ||
| 245 | 0 | _aकलानिधि - कौस्तुभ | |
| 246 | _aKalānidhi - kaustubha | ||
| 260 |
_aदिल्ली _bजगतराम एण्ड सन्स भारत _c1994 |
||
| 300 |
_a207पृ0 _ccm. |
||
| 650 | _aहिन्दी साहित्य | ||
| 700 | _a गुप्त, हरगोविन्द, संपा. | ||
| 942 |
_hO152jM921, N4 _cTEXL _2cc |
||
| 999 |
_c1011640 _d1011640 |
||